Ranking UEFA Clubes 2025/26 - Statistics

Estatísticas Gerais
  • Esse quiz foi jogado 47 vezes
  • A pontuação média é 7 de 10
Estatísticas das Respostas
Ranking Clube % Correto
8.º Barcelona
100%
2.º Real Madrid
98%
7.º Arsenal
95%
3.º PSG
95%
4.º Liverpool
88%
6.º Manchester City
88%
10.º Atlético de Madrid
51%
5.º Inter de Milão
47%
1.º Bayern München
37%
9.º Bayer 04 Leverkusen
0%
Nenhum quiz correspondente encontrado
Distribuição das Pontuações
Porcentagem de Pessoas com Cada Pontuação
Percentil de Números Respondidos
Sua Pontuação Histórica
Você não jogou esse quiz